Zoznam slovenských technických noriem 2013 : Stav k 1.1.2013. 4. diel - trieda 51 - 85

Guardado en:
Detalles Bibliográficos
Formato: Libro
Lenguaje:eslovaco
Publicado: Bratislava : Slovenský ústav technickej normalizácie, 2013
Etiquetas: Agregar Etiqueta
Sin Etiquetas, Sea el primero en etiquetar este registro!

MARC

LEADER 00000nam a22000003a 4500
001 stu266823
005 20150408165319.1
008 130517s2013----xo------------------slo-d
020 |a 978-80-8130-026-4 
040 |a STU  |b slo 
041 0 |a slo 
044 |a xo 
245 |a Zoznam slovenských technických noriem 2013 :  |b Stav k 1.1.2013. 4. diel - trieda 51 - 85 
260 |a Bratislava :  |b Slovenský ústav technickej normalizácie,  |c 2013 
300 |a 430 s 
996 |b 284M085160  |c M*13469/4-1  |l MMST  |s A  |a 24  |w stu266823_0001